Management de la publicidad : (Record no. 35942)
[ view plain ]
| 000 -CABECERA | |
|---|---|
| campo de control de longitud fija | 00977nam a2200229 a 4500 |
| 001 - NÚMERO DE CONTROL | |
| campo de control | 000036451 |
| 005 - FECHA Y HORA DE LA ÚLTIMA TRANSACCIÓN | |
| campo de control | 20200930075734.0 |
| 008 - DATOS DE LONGITUD FIJA--INFORMACIÓN GENERAL | |
| campo de control de longitud fija | 120118s1984 sp 000 0 spa d |
| 020 ## - NÚMERO INTERNACIONAL ESTÁNDAR DEL LIBRO | |
| Número Internacional Estándar del Libro | 8425506824 |
| 040 ## - FUENTE DE LA CATALOGACIÓN | |
| Centro catalogador/agencia de origen | DO-SdBNP |
| Lengua de catalogación | spa |
| Centro/agencia transcriptor | BNPHU |
| 082 ## - NÚMERO DE LA CLASIFICACIÓN DECIMAL DEWEY | |
| Número de clasificación | xxxx |
| Número de documento/Ítem | A111 |
| 100 1# - ENTRADA PRINCIPAL--NOMBRE DE PERSONA | |
| Nombre de persona | Aaker, David A. |
| 9 (RLIN) | 62667 |
| 245 10 - MENCIÓN DE TÍTULO | |
| Título | Management de la publicidad : |
| Resto del título | perspectivas prácticas / |
| Mención de responsabilidad, etc. | David A. Aaker, John G. Myers ; prólogo por Josep Chías i Suriol ; edición compilada y adaptada por Roberto M. Alvarez del Blanco traducida por María A. Salerno de Alvarez y Roberto M. Alvarez del Blanco. |
| 260 ## - PUBLICACIÓN, DISTRIBUCIÓN, ETC. | |
| Lugar de publicación, distribución, etc. | Barcelona : |
| Nombre del editor, distribuidor, etc. | Editorial Hispano Europea, |
| Fecha de publicación, distribución, etc. | 1984. |
| 300 ## - DESCRIPCIÓN FÍSICA | |
| Extensión | v. : |
| Otras características físicas | ils., retr. ; |
| Dimensiones | 22 cm. |
| 490 1# - MENCIÓN DE SERIE | |
| Mención de serie | Esade |
| -- | Estudios de la empresa |
| 500 ## - NOTA GENERAL | |
| Nota general | La biblioteca posee el tomo 2 |
| 700 1# - PUNTO DE ACCESO ADICIONAL--NOMBRE DE PERSONA | |
| Nombre de persona | Myers, John G. |
| 9 (RLIN) | 62668 |
| 700 1# - PUNTO DE ACCESO ADICIONAL--NOMBRE DE PERSONA | |
| Nombre de persona | Chías i Suriol, Josep., |
| Término indicativo de función/relación | pról. |
| 9 (RLIN) | 62669 |
| 700 1# - PUNTO DE ACCESO ADICIONAL--NOMBRE DE PERSONA | |
| Nombre de persona | Alvarez del Blanco, Roberto M., |
| Término indicativo de función/relación | ed. |
| 9 (RLIN) | 62670 |
| 830 #0 - PUNTO DE ACCESO ADICIONAL DE SERIE-TÍTULO UNIFORME | |
| Título uniforme | ESADE |
| Nombre de parte o sección de la obra | Estudios de la empres |
| 9 (RLIN) | 62671 |
| Estado de retiro | Estado de pérdida | Restricciones de uso | No para préstamo | Código de colección | Localización permanente | Ubicación/localización actual | Ubicación en estantería | Fecha de adquisición | Número de inventario | Total de préstamos | Signatura topográfica completa | Código de barras | Fecha visto por última vez | Precio válido a partir de | Tipo de ítem Koha |
|---|---|---|---|---|---|---|---|---|---|---|---|---|---|---|---|
| Excluido de préstamo | Monografías: Libros y Folletos | General | General | En catalogación | 18.01.2012 | LF1 | xxxx A111 | 36452-10 | 25.06.2020 | 25.06.2020 | No se presta | ||||
| Monografías: Libros y Folletos | General | General | Orden iniciada | 18.01.2012 | LF1 | xxxx A111 | 36453-10 | 25.06.2020 | 25.06.2020 | No se presta |
